Sześć najbliższych krajów - Madagaskar - Statystyki

Ogólne statystyki
  • Ten quiz został rozwiązany 31 razy
  • Średni wynik to 3 z 6
Statystyki odpowiedzi
km kraj % Poprawnych
1170 Republika Południowej Afryki
81%
389 Komory
65%
416 Mozambik
65%
802 Mauritius
54%
770 Tanzania
42%
546 Malawi
19%
Nie znaleziono quizów pasujących do podanych kryteriów
Rozkład punktacji
Procent ludzi z każdym wynikiem
Percentyl według liczby udzielonych odpowiedzi
Twoja historia wyników
Nie rozwiązałeś tego quizu